Lücken füllen - Videospieltitel #2 - Statistiken

Allgemein
  • Dieses Quiz wurde 6.722 mal gespielt
  • Das Durchschnittsergebnis liegt bei 11 aus 24
Antwortstatistiken
Videospiel % Korrekt
{League} of Legends
93%
{Red} {Dead} Redemption
91%
Apex {Legends}
87%
{Batman}: Arkham City
79%
{Tony} {Hawk}'s Pro Skater
76%
{Need} {for} {Speed}: Most Wanted
75%
{Counter}-{Strike}: Global Offensive
70%
{Anno} 1701
59%
{Animal} {Crossing}: New Leaf
57%
The Witcher 3: {Wild} {Hunt}
49%
{Final} {Fantasy} XIV : A Realm Reborn
48%
{Nier}: Automata
41%
{Kirby}'s Dream Land
40%
{Super} {Smash} {Bros.} Melee
37%
PUBG: {BATTLEGROUNDS}
36%
Hotline {Miami}
29%
{Devil} {May} {Cry} 3: Dante's Awakening
26%
{Xenoblade} Chronicles X
25%
{Fall} {Guys}: Ultimate Knockout
24%
Chrono {Trigger}
22%
{Castlevania}: Symphony of the Night
11%
{Dance} {Dance} Revolution ({Dancing} Stage)
9%
{Die} {Siedler} II – Veni, Vidi, Vici
9%
The {Oregon} Trail
8%
Keine übereinstimmenden Quizze gefunden
Verteilung der Resultate
Anzahl Personen mit jedem Resultat
Perzentil nach korrekt beantworteten Fragen
Ihre Resultats-Entwicklung
Sie haben dieses Quiz noch nicht gespielt